000 00507nam a22002057a 4500
001 22188
005 20260406183503.0
008 260406b |||||||| |||| 00| 0 spa d
041 _aESP
082 _a346.13
_bG67 T. 1
100 _aGonzales Barrón, Gunther
245 _aDerecho registral y notarial :
_b(derecho registral)
260 _a :
_b ,
_c2012
300 _a1134 páginas :
_b ;
_c24 cm.
440 _a ;
650 _aDER
654 _aCDE
700 _a;
942 _cLIB
_dJUS
_fJUS
_n0
_2ddc
999 _c22188
_d22188